| 000 | 00400nam a2200145 i 4500 | ||
|---|---|---|---|
| 001 | bg | ||
| 100 | 1 | _aROSIŃSKA, Zofia | |
| 245 | 0 |
_aKierunki współczesnej psychologii, ich geneza i rozwój / _cZofia Rosińska, Czesław Matusewicz. |
|
| 260 |
_aWarszawa, _c1984. |
||
| 700 | 1 | _aMATUSEWICZ, Czesław | |
| 040 | _cBPK | ||
| 041 | _apol | ||
| 942 | _cKS | ||
| 008 | s pl f |000 0 pol | ||
| 999 |
_c22979 _d22979 |
||
| 856 |
_uhttp://koha.tu.koszalin.pl/cgi-bin/koha/opac-detail.pl?biblionumber=22979 _yKatalog online BPK |
||